| 000 | 00741ntm a22002057a 4500 | ||
|---|---|---|---|
| 008 | 170802s2013 xx a frb 000 0 eng d | ||
| 040 |
_aEG-ScBUE _beng _cEG-ScBUE |
||
| 082 | 0 | 4 |
_222 _a624 _bREH |
| 100 | 1 | _aAbdelrehim, Moataz Aboalhassan. | |
| 245 | 1 | 0 |
_aPunching due to warping / _cMoataz Aboalhassan Abdelrehim. |
| 260 | _c2013. | ||
| 300 |
_a59 p. : _bill. (col.) ; _c28 cm. |
||
| 500 | _aA graduation project submitted to The Faculty Of Engineering, The British University In Egypt, in the department of civil engineering bachelor degree in civil engineering. | ||
| 590 | _aNour | ||
| 650 | 7 |
_2BUEsh _vProjects _acivil engineering |
|
| 653 |
_bENGCIV _cAugust2017 |
||
| 655 | _vSPRO | ||
| 700 | 1 |
_aRashed, Yossef. _eths |
|
| 942 | _2ddc | ||
| 999 |
_c25231 _d25203 |
||